LEADER 01827nam a2200313 i 4500 001 000000223656 003 CaOOAMICUS 005 20230515082729.0 008 131017s2013 it u100 u ita u 020 $a88-14-17550-0 040 $aSeMil$bita 245 00$aDiscrezione di giudizio e capacità di assumere: la formulazione del canone 1095 /$ca cura di Héctor Franceschi e Miguel A. Ortiz. 264 1$aMilano :$bGiuffrè,$c2013. 300 $aXII, 262 p. ;$c22 cm. 490 1 $aMonografie giuridiche / Ateneo romano della Santa Croce ; [poi] Pontificio Ateneo della Santa Croce ; [poi] Pontificia università della Santa Croce ;$v43 500 $aRelazioni presentate al Convegno tenuto a Roma nel 2012. 650 4$aMatrimonio - Consenso - Diritto Canonico.$0(OLS)http://semarc/subject/10819 650 4$aMatrimonio canonico - Incapacità di assumere gli oneri essenziali.$0(OLS)http://semarc/subject/27014 650 4$aMatrimonio canonico - Capacità consensuale.$0(OLS)http://semarc/subject/40935 700 1 $aOrtiz, Miguel Ángel,$d<1961- >.$0(OLS)http://semarc/name/70703 700 1 $aFranceschi, Héctor.$0(OLS)http://semarc/name/77973 830 0$aMonografie giuridiche / Ateneo romano della Santa Croce ; [poi] Pontificio Ateneo della Santa Croce ; [poi] Pontificia università della Santa Croce ;$v43.$0(OLS)http://semarc/title/431566 850 $aSeMil 852 $aSeMil$W1$xVenegono$y1$m2J V 183$j174002$B174002$CSeMilBibl$Z2$F184244 $81 961 $aSottoscrizione: Giuffrè 996 $6020$a88-14-17550-0$9(OLS)http://semarc/number/223790 996 $6245$aDiscrezione di giudizio e capacità di assumere: la formulazione del canone 1095$9(OLS)http://semarc/title/320685 996 $6264$aMilano :$bGiuffrè$9(OLS)http://semarc/publisher/29926 LEADER 01099nam a2200265 i 4500 001 000000067632 003 CaOOAMICUS 005 20181120114201.0 008 100601s1947 it u000 u ita u 013 $a38804 040 $aSeMil$bita 100 1 $aCohen, Morris Raphael <1880-1947>.$0(OLS)http://semarc/name/33828 240 10$aIntroduction to logic.$0(OLS)http://semarc/title/107782 245 10$aIntroduzione alla logica /$cMorris R. Cohen ; [trad. dall'inglese di Camillo Pellizzi]. 260 $aMilano :$bLonganesi,$cstampa 1947. 300 $a314 p. ;$c19 cm. 490 0 $aIl labirinto [Longanesi] ;$v7 650 4$aLogica.$0(OLS)http://semarc/subject/2494 700 1 $aPellizzi, Camillo,$d<1896-1979>.$0(OLS)http://semarc/name/5549 830 3$aIl labirinto ;$v7.$0(OLS)http://semarc/title/419992 850 $aSeMil 852 $aSeMil$W1$xVenegono$y1$m2O I 199$j33785$B33785$CSeMilBibl$Z2$F33788 $81 996 $6245$aIntroduzione alla logica$9(OLS)http://semarc/title/107781 996 $6260$aMilano :$bLonganesi$9(OLS)http://semarc/publisher/30008